Acta de la séptima Junta General de la Sociedad para Propagar y Mejorar la Educación del Pueblo (Record no. 190138)

MARC details
000 -LEADER
campo de control de longitud fija 00681nam a2200157 i 4500
001 - NÚMERO DE CONTROL
campo de control 190138
003 - IDENTIFICADOR DE NÚMERO DE CONTROL
campo de control ES-MaACL
005 - FECHA Y HORA DE LA ÚLTIMA TRANSACCIÓN
campo de control 20230906223642.0
008 - DATOS DE LONGITUD FIJA--INFORMACIÓN GENERAL
campo de control de longitud fija 200731s1845 sp |||| | spa d
110 2# - ENTRADA PRINCIPAL--NOMBRE DE ENTIDAD CORPORATIVA
Nombre de entidad corporativa o nombre de jurisdicción como elemento de entrada Sociedad para Propagar y Mejorar la Educación del Pueblo.
9 (RLIN) 134919
245 10 - MENCIÓN DEL TÍTULO
Título Acta de la séptima Junta General de la Sociedad para Propagar y Mejorar la Educación del Pueblo
Resto del título : celebrada el día 22 de junio de 1845 : relación de las operaciones y progresos de esta Sociedad.
260 ## - PUBLICACIÓN, DISTRIBUCIÓN, ETC.
Lugar de publicación, distribución, etc. Madrid :
Nombre del editor, distribuidor, etc. [s.n.],
Fecha de publicación, distribución, etc. 1845.
300 ## - DESCRIPCIÓN FÍSICA
Extensión 39 p. ;
Dimensiones 19 cm.
610 24 - PUNTO DE ACCESO ADICIONAL DE MATERIA--NOMBRE DE ENTIDAD CORPORATIVA
Nombre de entidad corporativa o nombre de jurisdicción como elemento de entrada Sociedad para Propagar y Mejorar la Educación del Pueblo-
Subdivisión de forma Actas.
9 (RLIN) 134920
852 ## - LOCALIZACIÓN
Ubicación ES-MaACL
Número de control de estantería T-21-F-7
Holdings
Estatus retirado Estado de pérdida Estado de daño No para préstamo Colección Biblioteca de origen Biblioteca actual Ubicación en estantería Fecha de adquisición Fuente de adquisición Total de préstamos Signatura topográfica completa Código de barras Visto por última vez Precio de reemplazo Tipo de ítem Koha
        Colección de folletos Biblioteca del Ateneo de Madrid Biblioteca del Ateneo de Madrid Depósito folletos 04/04/2005     T-21-F-7 1201839 23/02/2023 23/02/2023 Folleto